| 000 | 00809cad a22001935a 4500 | ||
|---|---|---|---|
| 001 | L158415 | ||
| 008 | 150210s2015 xxk f 000 0 eng d | ||
| 035 | _a(Sirsi) u158415 | ||
| 041 | 0 | _aeng | |
| 110 | 2 |
_aTech City UK _96149 |
|
| 245 | 0 | 0 |
_aTech Nation _bPowering the Digital Economy 2015. |
| 260 | _c2015 | ||
| 520 | _aTech Nation is an interactive data project that shows the growth of digital businesses within specific areas across the UK. The project has been developed and curated by Tech City UK. Tech Nation's analysis shows that the UK's tech clusters are driving economic growth nationally and that the growth of digital businesses reaches far beyond the capital. | ||
| 590 | _aKA | ||
| 651 | 4 | _aUnited Kingdom | |
| 690 |
_aInfrastructure _96246 |
||
| 690 |
_aUtilities _96272 |
||
| 942 | _n0 | ||
| 999 |
_c115294 _d115294 |
||